सुभाषचन्द्र बोस : (Record no. 117832)

MARC details
000 -LEADER
fixed length control field 01248nam a22002657a 4500
005 - DATE AND TIME OF LATEST TRANSACTION
control field 20170124103101.0
010 ## - LIBRARY OF CONGRESS CONTROL NUMBER
LC control number B-071683
020 ## - INTERNATIONAL STANDARD BOOK NUMBER
Terms of availability 250.00
International Standard Book Number 8170432189
035 ## - SYSTEM CONTROL NUMBER
System control number B-071683
037 ## - SOURCE OF ACQUISITION
Source of stock number/acquisition Cen Lib/Ret
040 ## - CATALOGING SOURCE
Original cataloging agency DPL
Language of cataloging HN
082 ## - DEWEY DECIMAL CLASSIFICATION NUMBER
Classification number 921
Item number गुप्तअ
100 ## - MAIN ENTRY--PERSONAL NAME
Personal name गुप्त, आशा
9 (RLIN) 77045
245 ## - TITLE STATEMENT
Title सुभाषचन्द्र बोस :
Statement of responsibility, etc आशा गुप्त
Remainder of title निस्संग क्रान्ति-पथिक /
246 ## - VARYING FORM OF TITLE
Title proper/short title Subhashchandra Boss : nissang kranti-pathik /
Remainder of title by Asha Gupt
260 ## - PUBLICATION, DISTRIBUTION, ETC. (IMPRINT)
Place of publication, distribution, etc दिल्ली
Name of publisher, distributor, etc आत्माराम एंड संस
Date of publication, distribution, etc 2002
270 ## - ADDRESS
City दिल्ली
Address कश्मीरी गेट
Postal code 110006
300 ## - PHYSICAL DESCRIPTION
Extent xi, 303पृ.
Dimensions 21सेमी (सजिल्द)
500 ## - GENERAL NOTE
General note परिशिष्ट, सन्दर्भ सूची शामिल
650 ## - SUBJECT ADDED ENTRY--TOPICAL TERM
Topical term or geographic name as entry element बोस, सुभाष चंद्र, - 1897-1945
9 (RLIN) 77046
650 ## - SUBJECT ADDED ENTRY--TOPICAL TERM
Topical term or geographic name as entry element क्रांतिकारियों - भारत - जीवनी
9 (RLIN) 77047
650 ## - SUBJECT ADDED ENTRY--TOPICAL TERM
Topical term or geographic name as entry element Bose, Subhas Chandra, -- 1897-1945.
9 (RLIN) 77048
650 ## - SUBJECT ADDED ENTRY--TOPICAL TERM
Topical term or geographic name as entry element Revolutionaries -- India -- Biography.
9 (RLIN) 27716
942 ## - ADDED ENTRY ELEMENTS (KOHA)
Source of classification or shelving scheme Dewey Decimal Classification
Koha item type Hindi Books
Classification part 921
Call number suffix गुप्तअ
Holdings
Withdrawn status Lost status Damaged status Not for loan Home library Current library Date acquired Source of acquisition Cost, normal purchase price Total Checkouts Total Renewals Full call number Barcode Date last seen Date checked out Copy number Cost, replacement price Price effective from Koha item type
        Central Library Central Library 08/09/2015 Cen Lib/Ret 250.00 1 2 921 गुप्तअ B-071683 21/01/2020 07/12/2019 1 250.00 08/09/2015 Hindi Books

© Delhi Public Library
Hit Counter
free hit counter